MARC

LEADER 00000nam0a2200000 4500
001 328392
005 20231102004045.0
020 |a RU 
035 |a (RuTPU)RU\TPU\book\354092 
035 |a RU\TPU\book\332352 
090 |a 328392 
100 |a 20170216d1967 km y0rusy5003 ca 
101 0 |a rus 
102 |a RU 
105 |a a z 001zy 
200 1 |a Физико-химические явления при воздействии жидких металлов на твердые  |f В. И. Никитин 
210 |a Москва  |c Атомиздат  |d 1967 
215 |a 442 с.  |c ил. 
320 |a Библиогр.: с. 423-439 
606 1 |a Коррозия,атмосферная  |2 stltpush  |3 (RuTPU)RU\TPU\subj\15738  |9 41949 
606 1 |a Металлы  |x Физико-механические свойства  |x Влияние среды  |2 stltpush  |3 (RuTPU)RU\TPU\subj\43235  |9 62785 
610 1 |a жидкие металлы 
610 1 |a твердые металлы 
610 1 |a воздействие 
610 1 |a физико-химические явления 
610 1 |a коррозия 
610 1 |a деформация 
610 1 |a разрушение 
610 1 |a перенос массы 
610 1 |a электрохимические процессы 
610 1 |a механические свойства 
610 1 |a прочность 
610 1 |a ползучесть 
675 |a 669:620.193  |z rus  |v 3 
675 |a 669:539.3/.4  |z rus  |v 3 
700 1 |a Никитин  |b В. И.  |g Валентин Ильич  |2 stltpush 
801 0 |a RU  |b 63413507  |c 19950704  |g psbo 
801 1 |a RU  |b 63413507  |c 20151015 
801 2 |a RU  |b 63413507  |c 20170307  |g RCR 
942 |c BK